Country Names Containing Both H and N - Statistics

General Stats
  • This quiz has been taken 133 times
    96 since last reset
  • The average score is 13 of 18
Answer Stats
Answer % Correct
Hungary
93%
Honduras
89%
Afghanistan
86%
China
85%
Kazakhstan
85%
Bhutan
83%
Netherlands
83%
Bangladesh
76%
Thailand
76%
South Sudan
75%
Bahrain
73%
Philippines
70%
North Korea
69%
Ghana
68%
Liechtenstein
68%
Lithuania
68%
Bosnia and Herzegovina
58%
Marshall Islands
44%
No matching quizzes found
Score Distribution
Percent of People with Each Score
Percentile by Number Answered
Your Score History
You have not taken this quiz since the last reset